Introduccion a la electricidad y a la electronica / Orla E. Loper (Registro nro. 20300)
[ vista simple ]
| 000 -LÍDER | |
|---|---|
| fixed length control field | 00499nam a2200169 4500 |
| 008 - ELEMENTOS DE LONGITUD FIJA -- INFORMACIÓN GENERAL | |
| fixed length control field | 0 1968 0an 000 0Mex |
| 020 ## - NÚMERO INTERNACIONAL NORMALIZADO PARA LIBROS | |
| ISBN | s/n |
| 050 ## - SIGNATURA TOPOGRAFICA DE LA BIBLIOTECA DEL CONGRESO (LC) | |
| Número de Clasificación | TK146 L6618 |
| 082 ## - NUMERO DE CLASIFICACION DECIMAL DEWEY | |
| Número de Clasificación | 621.302.02 L247i |
| 100 ## - ASIENTO PRINCIPAL--NOMBRE PERSONAL | |
| Nombre personal | Loper Orla E. |
| 245 ## - TÍTULO | |
| Título | Introduccion a la electricidad y a la electronica / Orla E. Loper |
| 250 ## - MENCIÓN DE EDICIÓN | |
| Mención de edición | reimp 1972 |
| 260 ## - PUBLICACIÓN, DISTRIBUCIÓN, ETC. (PIE DE IMPRENTA) | |
| Lugar de publicación, distribución, etc. | Mexico: Diana |
| 300 ## - DESCRIPCIÓN FÍSICA | |
| Extensión | 312p, 27cm |
| 440 ## - | |
| -- | Manual Delmar de Electricidad y Electronica |
| 650 ## - ASIENTO SECUNDARIO DE MATERIA - TERMINO TEMÁTICO | |
| Término temático o nombre geográfico como elemento de entrada | 1.ELECTRICIDAD \ 2. ELECTRONICA |
| No. biblioteca | No. biblioteca | Número de clasificación | Código de barras/Número de adquisición | Número de copia | Tipo de material |
|---|---|---|---|---|---|
| LUIS G. INCLAN | LUIS G. INCLAN | 621.302.02 L247i | 9934 | 1 | Libros |
| LUIS G. INCLAN | LUIS G. INCLAN | 621.302.02 L247i | 9935 | 2 | Libros |
| LUIS G. INCLAN | LUIS G. INCLAN | 621.302.02 L247i | 9936 | 3 | Libros |
| LUIS G. INCLAN | LUIS G. INCLAN | 621.302.02 L247i | 9937 | 4 | Libros |
| LUIS G. INCLAN | LUIS G. INCLAN | 621.302.02 L247i | 9938 | 5 | Libros |
| LUIS G. INCLAN | LUIS G. INCLAN | 621.302.02 L247i | 11497 | 6 | Libros |
